Governance challenges for family controlled firms while globalising (Record no. 83849)

000 -LEADER
fixed length control field 00505pab a2200193 454500
008 - FIXED-LENGTH DATA ELEMENTS--GENERAL INFORMATION
fixed length control field 180718b2009 xxu||||| |||| 00| 0 eng d
100 ## - MAIN ENTRY--PERSONAL NAME
Personal name Ramachandran, Kavil
245 ## - TITLE STATEMENT
Title Governance challenges for family controlled firms while globalising
260 ## - PUBLICATION, DISTRIBUTION, ETC.
Date of publication, distribution, etc. 2009
300 ## - PHYSICAL DESCRIPTION
Extent p.54-61.
362 ## - DATES OF PUBLICATION AND/OR SEQUENTIAL DESIGNATION
Dates of publication and/or sequential designation Jul
650 ## - SUBJECT ADDED ENTRY--TOPICAL TERM
Topical term or geographic name entry element Globalization
650 ## - SUBJECT ADDED ENTRY--TOPICAL TERM
Topical term or geographic name entry element Firms
650 ## - SUBJECT ADDED ENTRY--TOPICAL TERM
Topical term or geographic name entry element Enterprises
700 ## - ADDED ENTRY--PERSONAL NAME
Personal name Marisetty, Vijaya B.
773 ## - HOST ITEM ENTRY
Main entry heading Indian Journal of Industrial Relations
908 ## - PUT COMMAND PARAMETER (RLIN)
Put command parameter N
909 ## -
-- 83849
Holdings
Withdrawn status Lost status Damaged status Not for loan Permanent Location Current Location Date acquired Serial Enumeration / chronology Barcode Date last seen Price effective from Koha item type
        Indian Institute of Public Administration Indian Institute of Public Administration 2018-07-19 Volume no: 45, Issue no: 1 AR84309 2018-07-19 2018-07-19 Articles

Powered by Koha